书目信息 |
| 题名: |
文学文本解读
|
|
| 作者: | 王耀辉 著 | |
| 分册: | ||
| 出版信息: | 武汉 华中师范大学出版社 1999 |
|
| 页数: | 240页 | |
| 开本: | 23cm | |
| 丛书名: | 文艺学系列教材 | |
| 单 册: | ||
| 中图分类: | I06 | |
| 科图分类: | ||
| 主题词: | 文学鉴赏--高等学校--教材 , 文学鉴赏 | |
| 电子资源: | ||
| ISBN: | 7-5622-1998-2 | |
| 000 | 00836nam0 2200277 45 | |
| 001 | 020000029431 | |
| 005 | 20051009083927.62 | |
| 010 | @a7-5622-1998-2@dCNY18.00 | |
| 100 | @a20050122e20041999ekmy0chiy0120 ea | |
| 101 | 0 | @achi |
| 102 | @aCN@b420000 | |
| 105 | @ay az 000yy | |
| 200 | 1 | @a文学文本解读@9wen xue wen ben jie du@f王耀辉著@Fwang yao hui zhu |
| 210 | @a武汉@c华中师范大学出版社@d1999@h2004重印 | |
| 215 | @a240页@d23cm | |
| 225 | 2 | @a文艺学系列教材 |
| 300 | @a国家教育部面向21世纪课程教材 | |
| 320 | @a有书目 | |
| 330 | @a本书主要包括:诗歌文本解读,散文文本解读,小说文本解读三大部分内容。 | |
| 410 | 0 | @12001 @a文艺学系列教材 |
| 606 | 0 | @a文学鉴赏@x高等学校@j教材 |
| 606 | 0 | @a文学鉴赏 |
| 690 | @aI06@v4 | |
| 701 | 0 | @a王耀辉@Awang yao hui@4著 |
| 801 | 0 | @aCN@bTSSF@c20051009 |
| 905 | @a10447@dI06@e127 | |
| 文学文本解读/王耀辉著.-武汉:华中师范大学出版社,1999(2004重印) |
| 240页;23cm.-(文艺学系列教材) |
| 国家教育部面向21世纪课程教材 |
| ISBN 7-5622-1998-2:CNY18.00 |
| 本书主要包括:诗歌文本解读,散文文本解读,小说文本解读三大部分内容。 |
| ● |
| 相关链接 |
|
|
|
|
正题名:文学文本解读
索取号:I06/127
 
预约/预借
| 序号 | 登录号 | 条形码 | 馆藏地/架位号 | 状态 | 备注 |
| 1 | 0364403 | 3644033 | 第一样本阅览室/ [索取号:I06/127] | 在馆 | |
| 2 | 0364404 | 3644042 | 第二借阅区/ [索取号:I06/127] | 在馆 | |
| 3 | 0364405 | 3644051 | 第二借阅区/ [索取号:I06/127] | 在馆 | |
| 4 | 0364406 | 3644060 | 第二借阅区/ [索取号:I06/127] | 在馆 | |
| 5 | 0364407 | 3644079 | 第二借阅区/ [索取号:I06/127] | 在馆 |